Govt. of
Madhya Pradesh

शहीद ए वतन अशफाक उल्‍ला खॉ (Record no. 68858)

MARC details
000 -LEADER
fixed length control field 00379nam a22001097a 4500
082 ## - DEWEY DECIMAL CLASSIFICATION NUMBER
Classification number 920/RAJ
100 ## - MAIN ENTRY--AUTHOR NAME
Personal name एम आई राजस्‍वी
245 ## - TITLE STATEMENT
Title शहीद ए वतन अशफाक उल्‍ला खॉ
260 ## - PUBLICATION, DISTRIBUTION, ETC. (IMPRINT)
Place of publication दिल्‍ली
Name of publisher चिल्‍ड्रन बुक टेंपल
Year of publication 2025
650 ## - SUBJECT ADDED ENTRY--TOPICAL TERM
Topical Term जीवनी
942 ## - ADDED ENTRY ELEMENTS (KOHA)
Koha item type Hindi Books
Holdings
Withdrawn status Lost status Damaged status Not for loan Home library Current library Date acquired Cost, normal purchase price Full call number Accession Number Price effective from Koha item type
        MACL MACL 25/03/2026 300.00 920/RAJ CRH039007 25/03/2026 Hindi Books